MDQL
is popping MORE tags! Check the
thread
!
Quizzes
Events
Quiz Creation
Community
Videos
Private Events
Remove Ads
Sign In
Join for FREE
Feedback
Dark Mode
Quiz Categories
Sports
Geography
Music
Movies
Television
Just For Fun
Miscellaneous
History
Literature
Language
Science
Gaming
Entertainment
Religion
Holiday
For Kids
Quiz Lab
Recent
Popular Today
Quiz Kudos Today
Editor Picks
Curator Picks
Quizzes by...
Day
Popularity
Type
Ratings
Length
Year
Community
Subscriptions
Recent Discussions
Orange Saloon
Badges
Playlists
Quests
Create
Leaderboards
Showdown
Live 5
Trivia Bingo
Activity
Puzzle Library
Sporcle Events
Private Events
Virtual Trivia
Globe League
Become a Host
Pub Owners
SporcleCon
Opinionation
Our Games
Videos
Blog
Mobile Apps
Partnerships
Remove Ads and Go Orange
Feedback
Television
TV Characters
TV Show
Sitcom
Network
Friends
Reality Shows
Cast
South Park
Star Trek
The Simpsons
Doctor Who
Television
TV Characters
TV Show
Sitcom
Network
Friends
Reality Shows
Cast
South Park
Star Trek
The Simpsons
Doctor Who
Random Quiz
Search Sporcle
×
Quiz Lab
Quiz Lab
Television
TV Show
Type in answers that appear in a list
Type in answers that appear in a list
Classic
Best Score? Go Orange.
Seinfeld 25 Years and 25 Questions Stats
Can you answer the 25 Seinfeld questions celebrating the 25th anniversary of Seinfeld
By
apeters8918
5m
25 Questions
4,008 Plays
4,008 Plays
4,008 Plays
Comments
Comments
Give Quiz Kudos
Give Quiz Kudos
-
- Ratings
hide this ad
Replay
Link that replays current quiz
Next Quiz
Link to next quiz in quiz playlist
You Got
0%
They Got
Avg Score
79%
Avg Friend Score
Upgrade to see
Score Distribution
Jump to the score distribution portion of the page
Score
0/25
Timer
05:00
0
Plays Today
Question
Answer
% Correct
Which of the four main characters was not in the original pilot episode?
Elaine Benes
98.1%
What is Kramer's first name?
Cosmo
94.7%
What is showing in the Christmas card photo that Elaine sends to all her friends and family?
Her Nipple
93.4%
What holiday did Frank Costanza create in place of Christmas?
Festivus
91.9%
What profession did George always want to pretend to be?
Architect
90.5%
What was written on the vanity license plates Kramer received by mistake?
ASSMAN
90.1%
What movie was Jerry caught making-
out during?
Schindler's List
87.6%
What movie star did George think previously owned his Chrysler LeBaron?
Jon Voight
85.2%
What attorney defended Jerry, George, Elaine, and Kramer in the series finale?
Jackie Chiles
83.8%
Who does George get into a fight with over a Trivial Pursuit answer?
The Bubble Boy
83.8%
What does Kramer discover Joe DiMaggio does with his dougnuts?
He dunks them
81.7%
What was Kramer's line in the Woody Allen film he had a bit part in?
'These pretzels are making me thirsty!'
81.3%
What famous ex-
New York Met does Jerry befriend?
Keith Hernandez
81.2%
Question
Answer
% Correct
What name has George been saving for his child?
Seven
80.1%
What was the name of the coffee shop that Jerry, George, Elaine, and Kramer frequented?
Monk's Cafe
78.6%
If it were socially acceptable George would drape himself in what?
Velvet
78.1%
What was the brand of golf ball Kramer hit into a whales blow hole?
Titleist
77.3%
What unique clothing item do Jerry and Elaine spot George's father's attorney wearing?
A Cape
74.6%
What movie did Elaine hate so much that it caused her to get fired from the J. Peterman catalog?
The English Patient
73.1%
Who turned out to be the infamous scofflaw that a local meter maid had been trying to catch for years?
Newman
71.9%
Kramer and George get involved with a street gang whose namesake is what U.S. president?
Martin Van Buren
71.4%
Kramer rescued the set of which talk show from a dumpster?
The Merv Griffin Show
69.9%
What infamous political figure double parked and blocked George and Kramer at a liquor store?
Saddam Hussein
58.8%
What country did Newman still have armies in as a last hope in his and Kramer's game of Risk?
The Ukraine
57.7%
Kramer continually gets cast into pretending to have what disease?
Gonorrhea
46.1%
Quiz Playlist
Details
Report
Send in Message
Add To Playlist
Classic:
Type in answers that appear in a list
Last Updated: Sep 3, 2017
Quiz Scoreboard
CHALLENGE
Sign Up to Join the Scoreboard
Show All
Scores
Hide
Comments
May contain spoilers
Recently Published
1-10 Letter E Words III
by El_Dandy
Language
2m
Street Fighter Characters
by Artimus82
Gaming
60s
College Basketball Coaching Resumes
by pancakes188
Sports
9m
More to Explore
Quiz From the Vault
Featured Blog Post
Where Did the Easter Bunny Come From?
hide this ad
You Might Also Like...
Tags
TV Show Quiz
classic
Pop Culture
Seinfeld
TV Theme
Today's Top Quizzes in Television
Browse Television
hide this ad
Today's Top Quizzes in TV Show
Browse TV Show
Top Contributed Quizzes in Television
1
Survivor Journey Challenge
2
Adjectives in 80s TV Shows
3
Adjectives in 00s TV Shows
4
5-to-1: The Simpsons Families
5
5-to-1: Television Doctors
6
Adjectives in 10s TV Shows
7
7-to-1: TV Show Settings
8
Adjectives in 70s TV Shows
9
5-to-1: Streaming Originals
10
Survivor Seasons
Explore More
Trending Topics
NBA
Harry Potter
Anime
Kpop
Disney
Crossword
Marvel
Soccer
The Office
NFL
Country
Puzzle
Song
Pokémon
WWE
hide this ad
More By:
apeters8918
Quiz
Plays
Rating
Category
Featured
Created
Seinfeld 25 Years and 25 Questions
4,008
4.84
Television
Jul 24, 2014
Movie Quote Minefield
1,409
2.40
Movies
Jul 22, 2014
Tax Day Trivia
756
4.30
Holiday
Apr 12, 2018
Movie Quotes Grab Bag
414
4.40
Movies
Jun 19, 2014
3 Star - Pro-Athlete's School
155
5.00
Sports
Jul 23, 2014
Go to Creator's Profile
Score Distribution
Quiz Creator Spotlight
apeters8918
Follow
Send a Message
Quizzes Created
-
Created Quiz Play Count
-
More By This Creator
Popular Quizzes Today
1
Find the US States - No Outlines Minefield
2
Find the Countries of Europe - No Outlines Minefield
3
The Countries of the World
4
Find the US States
5
Risky Map Clicking: Biggest States A-Z
6
US States
7
Popular People in 1961
8
Movies - When Are They Set?
More Television Quizzes
Sliding Simpsons Blitz
Published
Trending Quizzes
Risky Map Clicking: Least Populous States A-Z
USA Borders Longest to Shortest
1-10 Letter G Words
1-10 Letter F Words
Countries of the World: 200 Million BC
Recently Updated
Beyoncé Albums
pecheneg
Leaping Animals
pecheneg
Reality TV Shows (A-Z)
bhenderson79
Rickey Henderson's Hall of Fame Teammates
pecheneg
Champions League XIs: Arsenal
pecheneg
Quick Pick: Celebrities in WWE's Hall of Fame
aduchscher
A-Z Keypad Blitz II
pecheneg
Multiple Oscar Actors
pecheneg
Mystery Phrase Blitz: Oscar 'Best Actors'
pecheneg
F. Scott Fitzgerald Novels
LTH
Trending Topics
Anime
Crossword
Marvel
NBA
Harry Potter
Disney
Kpop
Song
Country
WWE
Soccer
NFL
Pokémon
The Office
Puzzle
Your Account Isn't Verified!
In order to create a playlist on Sporcle, you need to verify the email address you used during registration. Go to your
Sporcle Settings
to finish the process.
Report this User
Report this user for behavior that violates our
Community Guidelines
.
Details:
Send Report
Go to the Sporcle.com Mobile Site →
Comments